| 000 | 00843cam a2200205 4500 | ||
|---|---|---|---|
| 001 | ABS66215 | ||
| 008 | 030103n2002 000 0 eng u | ||
| 035 | _a(Sirsi) u120900 | ||
| 245 | _aAsbestos: tax relief | ||
| 260 | _c2002 | ||
| 490 |
_aFaculty of Building Journal _v5, 11(1) |
||
| 520 | _aThe UK government has introduced a new scheme granting tax relief of 150% for companies incurring expenditure on land remediation including buildings. Asbestos removal can be set against company profits as tax relief. Companies can claim the relief from 11 May 2001 providing they meet the criteria. | ||
| 590 | _aABS | ||
| 650 | _aMANAGEMENT-HEALTH AND SAFETY-HAZARDOUS SUBSTANCES-ASBESTOS | ||
| 650 | _aTAX RELIEF | ||
| 650 | _aLAND REMEDIATION | ||
| 650 | _aBUILDINGS | ||
| 690 | _aBUILT ENVIRONMENT-BUILDING INSPECTION | ||
| 942 | _n0 | ||
| 999 |
_c71865 _d71865 |
||